| 000 | 01278nam a22002057a 4500 | ||
|---|---|---|---|
| 003 | BD-DhUL | ||
| 005 | 20230115141943.0 | ||
| 008 | 230109s2022 bg ab||| mb|| 00| 0 ben d | ||
| 040 |
_aBD-DhUL _cBD-DhUL |
||
| 082 |
_a954.02 _bKHS |
||
| 100 | 1 | _aখাতুন, সুফিয়া | |
| 245 | 0 | 0 |
_aসুলতানী বাংলার অর্থনীতি = _bEconomy of Sultanat Bengal / [পিএইচডি অভিসন্দর্ভ] _cসুফিয়া খাতুন । |
| 260 |
_aঢাকা : _bঢাকা বিশ্ববিদ্যালয়, _c২০২২ । |
||
| 300 |
_a[৬], iv, ৩৪৬ পৃ. : _bরঙিন চিত্র, রঙিন মানচিত্র ; _c২৯ সেমি. |
||
| 504 | _aগ্রন্থপঞ্জি: পৃ. ৩২৯-৩৪৬ । | ||
| 505 | 0 | _aঅভিসন্দর্ভ (পিএইচডি)--ইসলামের ইতিহাস ও সংস্কৃতি বিভাগ, ঢাকা বিশ্ববিদ্যালয়, শিক্ষাবর্ষ: ২০১৬-২০১৭ । | |
| 651 | 4 |
_aভারতবর্ষ _vইতিহাস _xসুলতানী আমল । |
|
| 651 | 4 |
_aIndia _vHistory _xSultanate period. |
|
| 942 |
_2ddc _cREF |
||
| 999 |
_c257821 _d257821 |
||